|
|
|
|
| LEADER |
00000nam0a2200000 4500 |
| 001 |
23066 |
| 005 |
20231030195059.0 |
| 010 |
|
|
|a 5704602932
|
| 035 |
|
|
|a (RuTPU)RU\TPU\book\23281
|
| 035 |
|
|
|a BOOK00023353
|
| 090 |
|
|
|a 23066
|
| 100 |
|
|
|a 20011209d2000 m y0rusy50 ca
|
| 101 |
0 |
|
|a rus
|
| 102 |
|
|
|a RU
|
| 105 |
|
|
|a y f 000zy
|
| 200 |
1 |
|
|a Популярная энциклопедия здорового образа жизни
|h Кн. 3
|f Е. Ю. Барзилович
|
| 210 |
|
|
|a Москва
|c Изд-во МЭИ
|d 2000
|
| 215 |
|
|
|a 211 с.
|
| 610 |
1 |
|
|a валеология
|
| 610 |
1 |
|
|a здоровый образ жизни
|
| 610 |
1 |
|
|a остеохондроз
|
| 610 |
1 |
|
|a стресс
|
| 610 |
1 |
|
|a йога
|
| 610 |
1 |
|
|a остеохондроз
|
| 610 |
1 |
|
|a дыхание
|
| 610 |
1 |
|
|a массаж
|
| 610 |
1 |
|
|a бег
|
| 610 |
1 |
|
|a закаливание
|
| 610 |
1 |
|
|a аутотренинг
|
| 610 |
1 |
|
|a энциклопедии
|
| 675 |
|
|
|a 614.2(03)
|v 3
|
| 675 |
|
|
|a 796.035(03)
|v 3
|
| 700 |
|
1 |
|a Барзилович
|b Е. Ю.
|g Евгений Юрьевич
|
| 801 |
|
0 |
|a RU
|b 63413507
|c 20011209
|g PSBO
|
| 801 |
|
2 |
|a RU
|b 63413507
|c 20081009
|g PSBO
|
| 900 |
|
|
|a Валеология
|
| 942 |
|
|
|c BK
|